| 000 | 00343nam a2200145Ia 4500 | ||
|---|---|---|---|
| 008 | 230312s9999||||xx |||||||||||||| ||und|| | ||
| 020 | _a1-4160-5951-6 | ||
| 082 |
_a612 _bNET-A |
||
| 100 | _aNetter;Frank.H | ||
| 245 | 0 | _aAtlas of Human Anatomy | |
| 260 |
_bElsevier _aIndia _c2011 |
||
| 300 | _a531 | ||
| 650 |
_aMedical _vAnatomy |
||
| 942 | _cBK | ||
| 999 |
_c9965 _d9965 |
||